00223nam a2200085Ia 4500008004100000041000800041100002000049245003700069260003100106230508s1998 xx 000 0 und d aeng aMORRISON & BOYD aSTUDY GUIDE TO ORGANIC CHEMISTRY bPRENTIC HALL OF INDIc1998